000 00602nam a22001817a 4500
003 OSt
005 20110517120723.0
008 110515t xxu||||| |||| 00| 0 eng d
020 _a0406990131
040 _aLDC
082 _a031
245 _aAtkin's encyclopaedia of court forms in civil proceedings : Trespass to the Person, Trial and Juries, Triabunals and Inquiries Vol.40 /
250 _a2nd.
260 _aLondon
_bButterworths;
_c1992
300 _av;
942 _2ddc
_cREF
999 _c2057
_d2057